000 00426nam a2200133 a 4500
001 000039787
005 20201002033731.0
008 130719s1996 dr ab 000 0 spa d
040 _aDO-SdBNP
_bspa
_cBNPHU
110 1 _aRepública Dominicana
_bSecretaría de Estado de Turismo
_932026
245 1 0 _aTurismo en cifras 1980-1986.
260 _aSanto Domingo :
_bSecretaría de Estado de Turismo,
_c1996.
300 _a64 p. ;
_c29 cm.
999 _c39277
_d39277